Statistics for Fast typing - Common shapes

Click here to take the quiz!

General Stats

  • This quiz has been taken 21 times
  • The average score is 4 of 8

Answer Stats

HintAnswer% Correct
roundcircle
100%
4 equal sidessquare
95%
3 sidestriangle
79%
4 sides with 2 parallel sidesrectangle
68%
its named after a mineraldiamond
26%
its also an organ nameheart
26%
also round, but stretchedoval
26%
named after an object in spacestar
16%

Score Distribution

Percentile by Number Answered

Percent of People with Each Score

Your Score History

You have not taken this quiz